| 000 | 01261nac a22003977a 4500 | ||
|---|---|---|---|
| 001 | BR7803338 | ||
| 003 | BR-BrBNA | ||
| 005 | 20240105114226.0 | ||
| 008 | 230509b bl.|||m| |||| 00| 0 por d | ||
| 040 |
_aBR-BrBNA _bpor _cBiblioteca Nacional de Agricultura |
||
| 072 | _aQ10; F00; E70 | ||
| 090 | _a1112 BR7803338 | ||
| 100 | 1 | _aMedina, J.C. | |
| 100 | 1 | _aBleinroth, E.W. | |
| 100 | 1 | _aDe Martin, Z.J. | |
| 100 | 1 | _aTravaglini, D.A. Okada, M, | |
| 100 | 1 | _aQuast, D.G. | |
| 100 | 1 | _aHashizume, T. | |
| 100 | 1 | _aRenesto, O.V. | |
| 100 | 1 | _aMoretti, V.A. | |
| 110 | 1 | _aInstituto de Tecnologia de Alimentos, Campinas, SP (Brasil) | |
| 245 | 1 | _aBanana, da cultura ao processamento e comercializacao [Musa spp] | |
| 260 | 3 |
_aCampinas, SP (Brasil): _c1978. |
|
| 300 | _a197 p. | ||
| 490 |
_aSerie Frutas Tropicais - Instituto de Tecnologia de Alimentos (Brazil) _vno. 3 _x |
||
| 500 | _a92 illus; 46 tables; Bibliography (114 ref.) | ||
| 650 | _aTecnologia de alimento | ||
| 650 | _aProducao vegetal | ||
| 650 | _aComercializacao | ||
| 650 | _aBanana | ||
| 650 | _aPreservacao de alimento | ||
| 650 | _aComercio exterior | ||
| 650 | _aComercio interno | ||
| 909 |
_a202312 _bLúcia Elande _c55 _dLúcia Elande |
||
| 942 |
_2AGRIS _n0 _cMS |
||
| 999 |
_c268120 _d268120 |
||